|
|
|
|
| LEADER |
01235nam a2200313 a 4500 |
| 001 |
000018525 |
| 003 |
CZ BrMZK |
| 005 |
20171113112554.0 |
| 007 |
ta |
| 008 |
950313s1995 xr f cze d |
| 015 |
|
|
|a cnb000092631
|
| 020 |
|
|
|a 80-85830-60-4
|
| 040 |
|
|
|a BOA001
|b cze
|
| 041 |
1 |
|
|a cze
|h eng
|
| 080 |
|
|
|a 820(73)-31=850
|2 MRF
|
| 100 |
1 |
|
|a Goldsmith, Olivia,
|d 1949-2004
|7 jo20000075824
|
| 245 |
1 |
0 |
|a Hořkost slávy /
|c Olivia Goldsmithová ; z angl. orig. přeložily Zdeňka Marečková a Zdeňka Vasiljevová
|
| 260 |
|
|
|a Praha :
|b Ikar,
|c 1995
|
| 300 |
|
|
|a 624 s. ;
|c 24 cm
|
| 655 |
|
7 |
|a americké romány
|7 fd131796
|2 czenas
|
| 700 |
1 |
|
|a Vasiljevová, Zdeňka,
|d 1935-2004
|7 jk01141635
|4 trl
|
| 700 |
1 |
|
|a Marečková, Zdeňka,
|d 1934-
|7 ola20040318002
|4 trl
|
| 765 |
0 |
|
|t Flavor of the month
|9 Česky
|
| 856 |
4 |
1 |
|u http://www.digitalniknihovna.cz/mzk/uuid/uuid:6b39a0f0-b94f-11e2-8b87-005056827e51
|y Digitalizovaný dokument
|x NDK
|
| 910 |
|
|
|a BOA001
|b 2-1007.391
|
| 990 |
|
|
|a BK
|
| 991 |
|
|
|f B-GOL
|
| 996 |
7 |
|
|b 2610019255
|c 2-1007.391
|l MZK
|r Sklad / do 1 hodiny
|n 35
|p p.v.
|w 000018525
|u 000010
|a 1
|e BOA001
|j MZK50
|s A
|
| 996 |
6 |
|
|b 2610022041
|c 2-1007.391
|l MZK
|r Sklad / do 1 hodiny
|n 3
|p p.v.
|w 000018525
|u 000020
|a 1
|e BOA001
|j MZK50
|s P
|